|
|
|
|
| LEADER |
00635cam a2200169ua 4500 |
| 008 |
120131t2011||||||||||| 00 ||eng c |
| 041 |
0 |
|
|a eng
|
| 082 |
|
|
|a 297.5
|b PEA
|
| 245 |
0 |
0 |
|a Peaceful co-existence in religions with focus on basics of ethics in islam and Indian religions: international seminar /
|
| 260 |
|
|
|a Iran:
|b Al-Mustafa International University,
|c 2011.
|
| 362 |
1 |
|
|a 2011.
|
| 650 |
|
|
|a Religion
|
| 650 |
0 |
|
|a Religious ethics-report
|
| 650 |
0 |
|
|a Islamic ethics-report
|
| 942 |
|
|
|c REF
|
| 999 |
|
|
|c 26636
|d 26636
|
| 952 |
|
|
|0 0
|1 0
|4 0
|6 297_500000000000000_PE
|7 0
|9 28386
|a KUCL
|b KUCL
|d 2014-05-23
|l 0
|o 297.5 PE
|p G1197
|r 2017-03-10
|w 2014-05-23
|y REF
|